000 01031cam a2200301 i 4500
001 021150072
003 Uk
005 20260108104006.0
008 230714t20232023nyua b 001|0|eng|d
020 _a9781265079659
_qhardback
040 _aStDuBDS
_beng
_cStDuBDS
_erda
_dMY-SjTCS
082 0 4 _a621.042
_bKAN 2023
100 1 _aKanoğlu, Mehmet,
_eauthor.
_953265
245 1 0 _aFundamentals and applications of renewable energy /
_cMehmet Kanoğlu, Yunus A. Çengel, John M. Cimbala.
250 _aSecond edition.
264 1 _aNew York :
_bMcGraw Hill,
_c[2023]
264 4 _c©2023
300 _axiii, 510 pages :
_billustrations ;
_c26 cm
336 _atext
_2rdacontent
337 _aunmediated
_2rdamedia
338 _avolume
_2rdacarrier
500 _aPrevious edition: 2020.
504 _aIncludes bibliographical references and index.
650 0 _aRenewable energy sources.
_9202539
700 1 _aÇengel, Yunus A.,
_eauthor.
_91631
700 1 _aCimbala, John M.,
_eauthor.
_920481
920 _aSOE : 339710, 339711
999 _c193034